<?xml version="1.0" encoding="UTF-8"?>
<record
    xmlns:xsi="http://www.w3.org/2001/XMLSchema-instance"
    xsi:schemaLocation="http://www.loc.gov/MARC21/slim http://www.loc.gov/standards/marcxml/schema/MARC21slim.xsd"
    xmlns="http://www.loc.gov/MARC21/slim">

  <leader>00644nam a2200229 a 4500</leader>
  <datafield tag="999" ind1=" " ind2=" ">
    <subfield code="c">1269</subfield>
    <subfield code="d">1269</subfield>
  </datafield>
  <controlfield tag="008">191216t2011    ii ad||g |||| 001 0 eng d</controlfield>
  <datafield tag="020" ind1=" " ind2=" ">
    <subfield code="a">9788132110354</subfield>
    <subfield code="c">Rs. 695.00</subfield>
  </datafield>
  <datafield tag="040" ind1=" " ind2=" ">
    <subfield code="a">KO</subfield>
    <subfield code="b">eng</subfield>
  </datafield>
  <datafield tag="041" ind1="0" ind2=" ">
    <subfield code="a">eng</subfield>
  </datafield>
  <datafield tag="044" ind1=" " ind2=" ">
    <subfield code="a">ii</subfield>
  </datafield>
  <datafield tag="082" ind1="0" ind2="4">
    <subfield code="2">23</subfield>
    <subfield code="a">519.5</subfield>
    <subfield code="b">Ar39</subfield>
  </datafield>
  <datafield tag="100" ind1="1" ind2=" ">
    <subfield code="a">Argyrous, George</subfield>
  </datafield>
  <datafield tag="245" ind1="1" ind2="0">
    <subfield code="a">Statistics for Research : </subfield>
    <subfield code="b">with a guide to SPSS /</subfield>
  </datafield>
  <datafield tag="250" ind1=" " ind2=" ">
    <subfield code="a">3rd ed.</subfield>
  </datafield>
  <datafield tag="260" ind1=" " ind2=" ">
    <subfield code="a">New Delhi :</subfield>
    <subfield code="b">SAGE Publications India Pvt Ltd ,</subfield>
    <subfield code="c">2011.</subfield>
  </datafield>
  <datafield tag="300" ind1=" " ind2=" ">
    <subfield code="a">xx, 585 p. :</subfield>
    <subfield code="b">ill. ;</subfield>
    <subfield code="c">24 cm</subfield>
  </datafield>
  <datafield tag="504" ind1=" " ind2=" ">
    <subfield code="a">Includes Index.</subfield>
  </datafield>
  <datafield tag="650" ind1=" " ind2="0">
    <subfield code="a">Social sciences</subfield>
    <subfield code="x">Statistical methods</subfield>
  </datafield>
  <datafield tag="852" ind1=" " ind2=" ">
    <subfield code="a">KO</subfield>
  </datafield>
  <datafield tag="904" ind1=" " ind2=" ">
    <subfield code="a">A_BOSE</subfield>
  </datafield>
  <datafield tag="942" ind1=" " ind2=" ">
    <subfield code="c">BK</subfield>
  </datafield>
  <datafield tag="952" ind1=" " ind2=" ">
    <subfield code="0">0</subfield>
    <subfield code="1">0</subfield>
    <subfield code="2">ddc</subfield>
    <subfield code="4">0</subfield>
    <subfield code="6">519_500000000000000_AR39</subfield>
    <subfield code="7">0</subfield>
    <subfield code="8">MANS</subfield>
    <subfield code="9">5029</subfield>
    <subfield code="a">KO</subfield>
    <subfield code="b">KO</subfield>
    <subfield code="c">GEN</subfield>
    <subfield code="d">2013-07-19</subfield>
    <subfield code="e">M/s Unique Book Store (Ref. IMU/Koc/ADM/LIB1/2013-14 dt. 2013-04-25, Note-05)</subfield>
    <subfield code="g">695.00</subfield>
    <subfield code="o">519.5 Ar39</subfield>
    <subfield code="p">BK002503</subfield>
    <subfield code="r">2024-10-14</subfield>
    <subfield code="y">BK</subfield>
    <subfield code="z">Gen. Shelf-8, Row-2</subfield>
  </datafield>
</record>
